00361 a2200145 450000100060000002000150000604000220002110000270004324000420007024500370011230000080014936200090015744000160016665000330018268167 a8571231222 cAnchieta - Pituba aYogi, Maharishi Mahesh10aCiência do ser e arte de viverlpor10aCiência do ser e arte de viver a4060 a1989 1aBest Seller 4aMeditação transcendental